Statistics for Shawn Mendes Charting Songs (Billboard Hot 100)

Click here to take the quiz!

General Stats

  • This quiz has been taken 37 times
    (11 since last reset)
  • The average score is 11 of 15

Answer Stats

AlbumWeeks OnPeakArtist(s)Song% Correct
Wonder11 Weeks#18Shawn MendesWonder
100%
Shawn Mendes (Deluxe Edition)37 Weeks#1 (1 Week)Shawn Mendes & Camila CabelloSenorita
100%
Handwritten Revisited20 Weeks#20Shawn Mendes & Camila CabelloI Know What You Did Last Summer
100%
Wonder14 Weeks#8Shawn Mendes & Justin BieberMonster
90%
Handwritten52 Weeks#4Shawn MendesStitches
80%
Handwritten2 Weeks#24Shawn MendesLife of the Party
80%
Shawn Mendes16 Weeks#48Shawn Mendes x ZeddLost in Japan
80%
Shawn Mendes2 Weeks#65Shawn Mendes ft. KhalidYouth
80%
Shawn Mendes (Deluxe Edition)23 Weeks#2Shawn MendesIf I Can't Have You
70%
Illuminate39 Weeks#6Shawn MendesTreat You Better
70%
Shawn Mendes23 Weeks#11Shawn MendesIn My Blood
70%
Illuminate32 Weeks#15Shawn MendesMercy
60%
Handwritten3 Weeks#80Shawn MendesSomething Big
60%
Illuminate34 Weeks#6Shawn MendesThere's Nothing Holdin' Me Back
50%
Handwritten1 Week#94Shawn MendesA Little Too Much
20%

Score Distribution

Percentile by Number Answered

Percent of People with Each Score

Your Score History

You have not taken this quiz since the last reset